Nouvelle Revue de Psychanalyse : l'archaïque /

Shranjeno v:
Bibliografske podrobnosti
Drugi avtorji: Pontalis, Jean-Bertrand (dirección) (dirección)
Format: Knjiga
Jezik:francoščina
Izdano: París, Francia : Gallimard : Association Psychanalytique de France, 1982, c1982
Teme:
Oznake: Označite
Brez oznak, prvi označite!

MARC

LEADER 00000nam^a2200000^a^4500
001 000099943
005 20250521000000.0
009 20260310093145.913
037 |a Acervo ITESO - Biblioteca 
041 |a FRA 
082 |a 150. 19505  |b NOU V. 26 
240 1 1 |a [Nouvelle Revue de Psychanalyse] 
245 1 0 |a Nouvelle Revue de Psychanalyse :  |b l'archaïque /  |c Dir. de J.B. Pontalis. 
264 4 |a París, Francia :  |b Gallimard :  |b Association Psychanalytique de France,  |c 1982, c1982 
300 |a 343 p. 
336 |a texto  |b txt  |2 rdacontenido 
337 |a sin mediación  |b n  |2 rdamedio 
338 |a volumen  |b nc  |2 rdasoporte 
649 |a XX 
650 |a Psicoanálisis -  |x Publicaciones Periódicas Francesas 
700 |a Pontalis, Jean-Bertrand  |e (dirección) 
910 |a Fondo Armando Suárez Gómez 
920 |a Impresos - Libros 
930 |a Fondos Especiales 
905 |a 111 
901 |a 0700002170  |b IT2  |c ESP  |u 20250521 
902 |a https://opac.biblio.iteso.mx/vufind/Record/000099943